000 00834nam a22003017a 4500
001 BR9702853
003 BR-BrBNA
005 20230928095413.0
007 ta
008 230509b bl.||||| |||| 00| 0 por d
040 _aBR-BrBNA
_bpor
_cBiblioteca Nacional de Agricultura
041 _a(Por)
072 _aE14; E13
_b9205
090 _ 9205 BR9702853
110 1 _aGoverno do Estado de Mato Grosso, Cuiaba (Brasil)
_95289
245 1 _aInfraestrutura para producao de graos - 1987/1990 v. 1 detalhamento
260 3 _aCuiaba, MT (Btazil):
_c1987.
300 _a131 p.
500 _a39 tables
650 _aGrao
650 _aProducao Vegetal
650 _aPolitica Governamental
650 _aArmazenamento
650 _aTransporte
650 _aMato Grosso
909 _a202309
_bLucia
_c55
_dLucia Elande
942 _cBK
999 _c56370
_d56370